000 00718nam a2200241Ia 4500
003 OSt
005 20220923222337.0
006 a|||||r|||| 00| 0
007 ta
008 220922b |||||||| |||| 00| 0 hin d
024 _a204,554
037 _cTextual
040 _aARTS
_cARTS
_bhin
041 _2hin
_ahin
082 _aO157,1M61,11, 152H6
100 _aटैगोर, रवीन्द्रनाथ
245 0 _aगीताजंलि
246 _aGītājanli
260 _c1946
650 _aबंगाली साहित्य
_9156264
942 _hO157,1M61,11, 152H6
_cTEXL
_2CC
999 _c355302
_d355302